000 00685nam a2200217Ia 4500
003 GCL
008 140319s9999 xx 000 0 ara d
040 _aGCL /
_cGCL
082 0 4 _a792.015
_bس م
100 1 _aمحمود الحدينى
245 1 0 _aالمسرح المصرى 95 - 1996 /
_cمحمود الحدينى
700 1 _aاسماعيل امام
700 1 _aحسين محمد عبدالغنى
700 1 _aحسام الشناوى
300 _a142 ص
490 _aسلسلة توثيق المسرح المصرى
_v0
650 0 4 _aالمسرح - تاريخ ونقد
650 0 4 _aالمسرح - مصر
650 0 4 _aالمسرحيات - مصر
942 _2ddc
_cBK
999 _c50068
_d50068